000 00401nam a22001577a 4500
999 _c1784
_d1784
008 200203b ||||| |||| 00| 0 eng d
082 0 0 _a609
_bD926
100 _91394
_aDunsheath, Percy
245 1 0 _aA Century of technology,1851-1951
_cby Percy Dunsheath (Ed.)
250 _a1st
260 _aLondon
_bHutchinson
_c1951
300 _aix,346p.
365 _d10.05
650 0 _aIndustries
942 _cBK